书目信息 |
| 题名: |
磨工实用手册
|
|
| 作者: | 孙月明 , 王雄棠 编著 | |
| 分册: | ||
| 出版信息: | 杭州 浙江科学技术出版社 1996.01 |
|
| 页数: | 433页 | |
| 开本: | 64开 | |
| 丛书名: | ||
| 单 册: | ||
| 中图分类: | TG7-62 | |
| 科图分类: | ||
| 主题词: | 刀具(金属切削) , 磨料 , 磨具 , 夹具 , 模具 , 手工具 | |
| 电子资源: | ||
| ISBN: | 7-5341-0719-9 | |
| 000 | 00717nam0 2200265 45 | |
| 001 | 0009131123 | |
| 005 | 20000913110718.6 | |
| 010 | @a7-5341-0719-9@d16.00元 | |
| 100 | @a20000913d1996 km y0chiy0120 ea | |
| 101 | 0 | @achi |
| 105 | @a z 000yy | |
| 200 | 1 | @a磨工实用手册@AMo Gong Shi Yong Shou Ce@f孙月明,王雄棠编著@FSun Yue Ming,Wang Xiong Tang Bian Zhu |
| 210 | @a杭州@c浙江科学技术出版社@d1996.01 | |
| 215 | @a433页@d64开 | |
| 606 | 0 | @a刀具(金属切削) |
| 606 | 0 | @a磨料 |
| 606 | 0 | @a磨具 |
| 606 | 0 | @a夹具 |
| 606 | 0 | @a模具 |
| 606 | 0 | @a手工具 |
| 690 | @aTG7-62@v3 | |
| 701 | 0 | @a孙月明@4编著 |
| 701 | 0 | @a王雄棠@4编著 |
| 801 | @aCN@bPftUser@c20000913 | |
| 905 | @b139379-381@dTG7-62@eS543@f3 | |
| 磨工实用手册/孙月明,王雄棠编著.-杭州:浙江科学技术出版社,1996.01 |
| 433页;64开 |
| ISBN 7-5341-0719-9:16.00元 |
| ● |
| 相关链接 |
|
|
|
正题名:磨工实用手册
索取号:TG7-62/S543
 
预约/预借
| 序号 | 登录号 | 条形码 | 馆藏地/架位号 | 状态 | 备注 |
| 1 | 139379 | 201393795 | 自科库501/501自科库 29排1列5层/ [索取号:TG7-62/S543] | 在馆 | |
| 2 | 139380 | 201393802 | 自科库501/501自科库 29排1列5层/ [索取号:TG7-62/S543] | 在馆 | |
| 3 | 139381 | 201393811 | 自科库501/501自科库 29排1列5层/ [索取号:TG7-62/S543] | 在馆 |